III Cursillo de perfeccionamiento de administración local
Publicado:
San Jorge, núm. 90 - 91 (2n i 3r trimestre 1973), pàg 77 :
MARC
| LEADER | 00000nam a2200000Ia 4500 | ||
|---|---|---|---|
| 001 | |||
| 008 | 160829s9999 xx 000 0 cat d | ||
| 245 | |a III Cursillo de perfeccionamiento de administración local | ||
| 260 | |a San Jorge, núm. 90 - 91 (2n i 3r trimestre 1973), pàg 77 | ||
| 650 | |a Barcelona. Diputació |x Funcionaris i empleats |x Ensenyament |9 36707 | ||
| 901 | |a Arxiu | ||
| 942 | |n 1 | ||
| 952 | |0 0 |1 0 |4 0 |7 1 |9 47449 |a Arxiu |b Arxiu |d 2016-12-01 |l 0 |r 2016-12-01 00:00:00 |w 2016-12-01 |y ARXIU | ||
| 999 | |c 51247 |d 51247 | ||